พระสนมเอก (ระเบียนเลขที่ 1433)
| 000 -LEADER | |
|---|---|
| fixed length control field | 00880nam a22002177a 4500 |
| 005 - DATE AND TIME OF LATEST TRANSACTION | |
| control field | 20251125232737.0 |
| 008 - FIXED-LENGTH DATA ELEMENTS--GENERAL INFORMATION | |
| fixed length control field | s2525 th tha d |
| 040 ## - CATALOGING SOURCE | |
| Original cataloging agency | NALT |
| 041 ## - LANGUAGE CODE | |
| Language code of text/sound track or separate title | tha |
| 050 ## - LIBRARY OF CONGRESS CALL NUMBER | |
| Classification number | DS570.4 ก1ด6 |
| 245 10 - TITLE STATEMENT | |
| Title | พระสนมเอก |
| 260 3# - PUBLICATION, DISTRIBUTION, ETC. | |
| Name of publisher, distributor, etc. | รวมสาส์น, |
| Date of publication, distribution, etc. | 2525 |
| 300 ## - PHYSICAL DESCRIPTION | |
| Extent | 135 หน้า : |
| Other physical details | ภาพประกอบ |
| 650 04 - SUBJECT ADDED ENTRY--TOPICAL TERM | |
| Topical term or geographic name entry element | จุลจอมเกล้าเจ้าอยู่หัว, พระบาทสมเด็จพระ, 2396--2453 |
| 650 04 - SUBJECT ADDED ENTRY--TOPICAL TERM | |
| Topical term or geographic name entry element | ทับทิม, เจ้าจอมมารดา, 2400--2481 |
| 650 04 - SUBJECT ADDED ENTRY--TOPICAL TERM | |
| Topical term or geographic name entry element | ประยูรวงศ์, เจ้าคุณพระ, 2397--2486 |
| 650 04 - SUBJECT ADDED ENTRY--TOPICAL TERM | |
| Topical term or geographic name entry element | เที่ยง, เจ้าจอมมารดา, 2374--2456 |
| 850 ## - HOLDING INSTITUTION | |
| Holding institution | NALT |
| 856 40 - ELECTRONIC LOCATION AND ACCESS | |
| Uniform Resource Identifier | <a href="https://hdl.handle.net/20.500.14156/361742">https://hdl.handle.net/20.500.14156/361742</a> |
| -- | 1 |
| 942 ## - ADDED ENTRY ELEMENTS (KOHA) | |
| Koha item type | General Book |
| Koha issues (borrowed), all copies | 1 |
| Source of classification or shelving scheme | Library of Congress Classification |
| Withdrawn status | Lost status | Damaged status | Not for loan | Collection code | Home library | Current library | Total Checkouts | Total Renewals | Full call number | Barcode | Date last seen | Date last checked out | Price effective from | Koha item type |
|---|---|---|---|---|---|---|---|---|---|---|---|---|---|---|
| General Book collection | National Assembly Library of Thailand | National Assembly Library of Thailand | 1 | 1 | DS 570.4 ก1ด6 | 3961100943 | 02/05/2018 | 20/04/2018 | 09/06/2017 | General Book |
